书目信息 |
| 题名: |
斑点牛测绘师笔记
|
|
| 作者: | 吴浩然 , 王应东 , 梁向棋 , 黄超 主编 | |
| 分册: | 下册 测绘法律法规 | |
| 出版信息: | 天津 天津大学出版社 2017.05 |
|
| 页数: | 213页 | |
| 开本: | 26cm | |
| 丛书名: | ||
| 单 册: | ||
| 中图分类: | P2 , D922.174 | |
| 科图分类: | ||
| 主题词: | 测绘--ce hui--资格考试--自学参考资料 , 测绘法令--ce hui fa ling--中国--资格考试--自学参考资料 | |
| 电子资源: | ||
| ISBN: | 978-7-5618-5827-1 | |
| 000 | 01302nam 2200349 450 | |
| 001 | 96773 | |
| 005 | 20250913111321.41 | |
| 010 | @a978-7-5618-5827-1@dCNY61.00 | |
| 100 | @a20170707d2017 em y0chiy50 ea | |
| 101 | 0 | @achi |
| 102 | @aCN@b120000 | |
| 105 | @ay a 000yy | |
| 106 | @ar | |
| 200 | 1 | @a斑点牛测绘师笔记@Aban dian niu ce hui shi bi ji@h下册@i测绘法律法规@f主编吴浩然 ... [等] |
| 210 | @a天津@c天津大学出版社@d2017.05 | |
| 215 | @a213页@d26cm | |
| 304 | @a题名页题其余责任者: 王应东, 梁向棋, 黄超 | |
| 320 | @a有书目 (第213页) | |
| 330 | @a本书共分两大部分。第一部分介绍了测绘地理信息行业的法律体系, 分析了注册测绘师考试法律法规考试的特点, 详细列出考试相关内容, 并进行归纳和解析。第二部分介绍了测绘地理信息产业的管理, 本书各章配有历年注册测绘师考试真题和解析。 | |
| 333 | @a注册测绘师辅导用书 | |
| 517 | 1 | @a测绘法律法规@Ace hui fa lu^ fa gui |
| 606 | 0 | @a测绘@Ace hui@x资格考试@j自学参考资料 |
| 606 | 0 | @a测绘法令@Ace hui fa ling@y中国@x资格考试@j自学参考资料 |
| 690 | @aP2@v5 | |
| 690 | @aD922.174@v5 | |
| 701 | 0 | @a吴浩然@Awu hao ran@4主编 |
| 701 | 0 | @a王应东@Awang ying dong@4主编 |
| 701 | 0 | @a梁向棋@Aliang xiang qi@4主编 |
| 701 | 0 | @a黄超@Ahuang chao@4主编 |
| 801 | 0 | @aCN@c20250909 |
| 905 | @a河南城建学院图书馆@dP2@eW797:2 | |
| 962 | @a6157733 | |
| 斑点牛测绘师笔记.下册.测绘法律法规/主编吴浩然 ... [等].-天津:天津大学出版社,2017.05 |
| 213页;26cm |
| 使用对象:注册测绘师辅导用书 |
| ISBN 978-7-5618-5827-1:CNY61.00 |
| 本书共分两大部分。第一部分介绍了测绘地理信息行业的法律体系, 分析了注册测绘师考试法律法规考试的特点, 详细列出考试相关内容, 并进行归纳和解析。第二部分介绍了测绘地理信息产业的管理, 本书各章配有历年注册测绘师考试真题和解析。 |
| ● |
| 相关链接 |
|
|
|
正题名:斑点牛测绘师笔记
索取号:P2/W797:2
 
预约/预借
| 序号 | 登录号 | 条形码 | 馆藏地/架位号 | 状态 | 备注 |
| 1 | 1638294 | 216382947 | 自科库401/401自科库 113排1列2层/ [索取号:P2/W797:2] | 在馆 |